00998nam a2200241 a 4500001001000000003000500010005001700015008004100032010001100073011001100084040000900095100003700104245020500141260004100346500006000387502010900447650003000556650002400586650003000610650003000640856001600670856007000686000112841CHAP20220329144324.0170116s2016 mx a fsm |||||||spa d a109302 a110274 cCHAP1 aCastillo Ramírez, Oscar Daniel10aAislamiento e identificación de hongos entomopatógenos asociados a Brevipalpus sp. Geijskes presente en arándano en Ciudad Guzmán, Jalisco /h[En línea]cpor Oscar Daniel Castillo Ramírez. aChapingo, Méx. :bEl autor,c2016. aPara ver el contenido del material haga clic en la liga aTesis (Ing. Agr. Esp. en Parasitología Agrícola) -- UACH. Departamento de Parasitología Agrícola14aArándanoxEnfermedades.14aArándanoxPlagas.14aHongos entomopatógenos.14aHongosxIdentificación. a1 n0001436 aFinding aiduhttp://10.13.5.2/tesis/sist112841.pdfzTeclea aquí